| 000 | 01476nab a22002777a 4500 | ||
|---|---|---|---|
| 999 |
_c5931 _d5931 |
||
| 003 | OSt | ||
| 005 | 20260114010602.0 | ||
| 008 | 190605e xxu||||| |||| 00| 0 spa d | ||
| 040 | _cPJ | ||
| 100 |
_94886 _aElmelaj, María Laura |
||
| 245 | 1 | 0 |
_a¿Guiño a los trabajadores accidentados? Los plazos de caducidad locales y su dudosa constitucionalidad / _cMaría Laura Elmelaj. |
| 260 |
_aCiudad Autónoma de Buenos Aires : _bThomson Reuters La Ley, _c2024. |
||
| 300 | _ap. 231-235 | ||
| 500 | _aCita: TR LALEY AR/DOC/2838/2023. | ||
| 505 | _aSumario: I. Introducción.— II. La sentencia anotada.— III. Comentario.— IV. ¿Comentarios? | ||
| 505 | _aFallos comentados: SC Mendoza, sala II ~ 08/06/2021 ~ Daneri Mancebo, Laura Gabriela c. Asociart, A.R.T. s/ accidente s/ recurso extraordinario. CS ~ 19/10/2023 ~ Daneri Mancebo, Laura Gabriela c. Asociart ART S.A. s/ accidente p/ recurso extraordinario provincial p/ recurso extraordinario federal. | ||
| 505 | _t¿Te interesa el texto completo? Solicitalo al correo: koha@justierradelfuego.gov.ar | ||
| 650 | 0 |
_91316 _aDERECHO LABORAL |
|
| 650 | 0 |
_94597 _aCONSTITUCIONALIDAD |
|
| 650 | 0 |
_94942 _aCOMISIONES MÉDICAS |
|
| 650 | 0 |
_91570 _aDERECHOS DEL TRABAJADOR |
|
| 650 | 0 |
_91417 _aACCIDENTES DE TRABAJO |
|
| 650 | 0 |
_93887 _aCADUCIDAD |
|
| 773 | 0 |
_02711 _93168 _dCiudad Autónoma de Buenos Aires : Thomson Reuters La Ley, 1999-2002. _tRevista de derecho del trabajo. Nº 1 - Enero 2024 |
|
| 942 |
_2udc _cANA |
||